LEADER 01384nas a2200337 i 4500 001 991002479929707536 005 20231114121016.0 008 011205m19519999 || | |spa 022 $a0570-7218 035 $ab11666092-39ule_inst 035 $aocm00000003$9ExL 080 $aCDU 82 080 $aCDU 323.4 229 0$aArchivum 245 00$aArchivum /$cUniversidad de Oviedo. Facultad de Filosofía y Letras. - 1951- 260 $aOviedo,$c1951- 500 $aDal 1990 il complemento del titolo cambia in: Revista de la Facultad de Filologia 591 $aCodice CNR: P 00092344 592 $aLE002 1971-1976; 1979-1982; 1984- 710 2 $aUniversidad de Oviedo.$bFacultad de Filosofía y Letras 780 00$tRevista de letras [Oviedo] 907 $a.b11666092$b02-04-14$c08-07-02 912 $a991002479929707536 945 $aLE002 SP 020 945 $aLE002 Per. Str. 106$g1$lle002$o-$pE0.00$q-$rr$s- $t18$u0$v0$w0$x0$y.i11890125$z08-07-02 945 $aLE002$ca. 2000-2001$g1$lle002$on$pE70.00$q-$rl$s- $t18$u0$v0$w0$x0$y.i13119230$z27-02-04 945 $ca. 2002-2003 $g1$lle002$on$pE70.00$q-$rn$so $t18$u0$v0$w0$x0$y.i14000039$z07-02-05 945 $aLE002$ca. 2004-2005$g1$lle002$on$pE50.00$q-$rn$so $t18$u0$v0$w0$x0$y.i14272179$z19-07-06 996 $aARCHIVUM$9485719 997 $aUNISALENTO 998 $ale002$b01-01-01$cs$da $e-$fspa$gxx $h0$i1